000 00377nam a2200145 a 4500
005 20140414131900.0
008 100902s19uu xx 00 eng d
020 _a
050 _aFIC
_bM46 2004
100 _aMeadows, Daisy
245 _aAmber the orange fairy /
_cby Daisy Meadows.
260 _aNew York :
_bScholastic,
_c2004.
440 _aRainbow magic
999 _c110629
_d110629